|
|
|
|
| LEADER |
00000caa a22000002c 4500 |
| 001 |
1789703182 |
| 003 |
DE-627 |
| 005 |
20250311122400.0 |
| 007 |
cr uuu---uuuuu |
| 008 |
220216s2000 xx |||||o 00| ||eng c |
| 035 |
|
|
|a (DE-627)1789703182
|
| 035 |
|
|
|a (DE-599)KXP1789703182
|
| 040 |
|
|
|a DE-627
|b ger
|c DE-627
|e rda
|
| 041 |
|
|
|a eng
|
| 084 |
|
|
|a 0
|a 1
|2 ssgn
|
| 100 |
1 |
|
|a Bakos, Adrianna E.
|e VerfasserIn
|4 aut
|
| 109 |
|
|
|a Bakos, Adrianna E.
|a Bakos, Adrianna
|
| 245 |
1 |
0 |
|a Images of Hell in the Pamphlets of the Fronde
|
| 264 |
|
1 |
|c 2000
|
| 336 |
|
|
|a Text
|b txt
|2 rdacontent
|
| 337 |
|
|
|a Computermedien
|b c
|2 rdamedia
|
| 338 |
|
|
|a Online-Ressource
|b cr
|2 rdacarrier
|
| 601 |
|
|
|a Pamphlet
|
| 773 |
0 |
8 |
|i Enthalten in
|t Historical reflections
|d Biggleswade, Beds. [u.a.] : Berghahn, 1974
|g 26(2000), 2, Seite 335-353
|h Online-Ressource
|w (DE-627)563170484
|w (DE-600)2421651-3
|w (DE-576)358953103
|x 1939-2419
|7 nnas
|
| 773 |
1 |
8 |
|g volume:26
|g year:2000
|g number:2
|g pages:335-353
|
| 856 |
4 |
0 |
|u https://www.jstor.org/stable/41299179
|x Digitalisierung
|z lizenzpflichtig
|3 Volltext
|7 1
|
| 951 |
|
|
|a AR
|
| ELC |
|
|
|a 1
|
| ITA |
|
|
|a 1
|t 1
|
| LOK |
|
|
|0 000 xxxxxcx a22 zn 4500
|
| LOK |
|
|
|0 001 4060370703
|
| LOK |
|
|
|0 003 DE-627
|
| LOK |
|
|
|0 004 1789703182
|
| LOK |
|
|
|0 005 20220216114333
|
| LOK |
|
|
|0 008 220216||||||||||||||||ger|||||||
|
| LOK |
|
|
|0 040
|a DE-Tue135
|c DE-627
|d DE-Tue135
|
| LOK |
|
|
|0 092
|o n
|
| LOK |
|
|
|0 852
|a DE-Tue135
|
| LOK |
|
|
|0 852 1
|9 00
|
| LOK |
|
|
|0 935
|a ixzs
|a ixzo
|a rwrk
|
| LOK |
|
|
|0 939
|a 16-02-22
|b l01
|
| ORI |
|
|
|a SA-MARC-ixtheoa001.raw
|
| REL |
|
|
|a 1
|
| SUB |
|
|
|a REL
|